[Event "OGOLNOPOLSKA OLIMPIADA MLODZIEZY<br/>MISTRZOSTWA POLSKI JUNIOROW 2016 - D12"]
[Site "Olecko"]
[Date "2016-05-07"]
[Round "9.6"]
[White "Adamczyk, Zuzanna"]
[Black "Bienko, Jagoda"]
[Result "1-0"]
[WhiteTitle "I"]
[BlackTitle "I"]
[WhiteElo "1642"]
[BlackElo "1354"]

1. e4 c5 2. Nf3 d6 3. d4 cxd4 4. Nxd4 Nf6 5. Nc3 a6 6. Bg5 e6 7. f4 Be7 8. Qf3
Qc7 9. O-O-O Nc6 10. Nxc6 Qxc6 11. e5 Qxf3 12. gxf3 dxe5 13. fxe5 Nd7 14. Bxe7
Kxe7 15. f4 Rb8 16. Rg1 g6 17. Ne4 b5 18. Nd6 Nb6 19. Bg2 Na4 20. Rd4 Rd8 21.
Rgd1 Nc5 22. Nf5+ exf5 23. Rxd8 Nd7 24. Rh8 h5 25. Bc6 Nb6 26. Re8# 1-0

[Event "OGOLNOPOLSKA OLIMPIADA MLODZIEZY<br/>MISTRZOSTWA POLSKI JUNIOROW 2016 - D12"]
[Site "Olecko"]
[Date "2016-05-07"]
[Round "9.7"]
[White "Goraj, Barbara"]
[Black "Chrobot, Patrycja"]
[Result "1-0"]
[WhiteTitle "I"]
[BlackTitle "I"]
[WhiteElo "1605"]
[BlackElo "1345"]

1. e4 c5 2. Nf3 e6 3. d4 cxd4 4. Nxd4 a6 5. Bd3 Qc7 6. Qe2 d6 7. Be3 Nf6 8. Nd2
Be7 9. f4 Nbd7 10. O-O-O Nc5 11. Kb1 b5 12. g4 Bb7 13. Bf2 O-O-O 14. g5 Nfd7 15.
Rhg1 Nb6 16. Qg4 Kb8 17. Bg3 Ka7 18. Rge1 Ka8 19. h4 Rc8 20. Rc1 Qd7 21. h5 Rc7
22. N2b3 Nxb3 23. axb3 Rhc8 24. g6 hxg6 25. hxg6 fxg6 26. Nxe6 Rc6 27. Qxg6 Bf6
28. f5 Rh8 29. Rh1 Rcc8 30. Bf4 Bc6 31. Be3 Kb7 32. Bd4 Bxd4 33. Nxd4 Rcg8 34.
Nxc6 Kxc6 35. e5 Kc7 36. exd6+ Qxd6 37. Qg4 Qf6 38. Be4 Nd7 39. Bd5 Rf8 40. Be6
Ne5 41. Qf4 Kc6 42. Qe4+ Kc7 43. Rxh8 Rxh8 44. Re1 Nc6 45. Bd5 Nd4 46. Qf4+ Kc8
47. Be6+ Kb7 48. Qe4+ Kb8 49. Qd5 Rd8 50. Qc5 Nxe6 51. Qb6+ Kc8 52. fxe6 Qf2 53.
Qxf2 Re8 54. Qf7 Rf8 55. Qf4 1-0

[Event "OGOLNOPOLSKA OLIMPIADA MLODZIEZY<br/>MISTRZOSTWA POLSKI JUNIOROW 2016 - D12"]
[Site "Olecko"]
[Date "2016-05-07"]
[Round "9.8"]
[White "Bugaj, Hanna"]
[Black "Szczypawka, Aleksandra"]
[Result "1-0"]
[WhiteTitle "II"]
[BlackTitle "I"]
[WhiteElo "1417"]
[BlackElo "1378"]

1. Nf3 d5 2. d4 e6 3. e3 c5 4. b3 Nc6 5. Nbd2 Nf6 6. Bb2 Bd6 7. a3 a5 8. Bd3 O-O
9. O-O b6 10. Ne5 Ne7 11. f4 Qc7 12. Rf3 g6 13. Rh3 Nf5 14. g4 Ng7 15. Qf3 Nd7
16. Qg3 Nxe5 17. dxe5 Be7 18. Rf1 f5 19. gxf5 exf5 20. Rf2 Ba6 21. Bxa6 Rxa6 22.
Rg2 Bd8 23. Rh6 Ra7 24. Qh3 Ne6 25. Qh5 Qg7 26. Qh3 d4 27. Ne4 Nxf4 28. Nf6+ Bxf6
29. exf4 Bd8 30. Kh1 Rd7 31. a4 Re8 32. Kg1 Ree7 33. Rh5 Qf7 34. Rxf5 Qe6 35.
Rh5 Qxh3 36. Rxh3 Re8 37. Rd2 Rf8 38. Rf3 Bg5 39. Rdf2 Rdf7 40. Bc1 Bd8 41. Bb2
Bc7 42. Kg2 Kg7 43. Kg3 h5 44. h4 Kh6 45. Bc1 Kh7 46. Bb2 Rb8 47. c3 Rd7 48. Rd3
Rbd8 49. Rfd2 Kg8 50. cxd4 Kf7 51. d5 Ke8 52. e6 Rh7 53. Bf6 Rb8 54. d6 b5 55.
dxc7 Rxc7 56. Rd8+ Rxd8 57. Rxd8# 1-0

[Event "OGOLNOPOLSKA OLIMPIADA MLODZIEZY<br/>MISTRZOSTWA POLSKI JUNIOROW 2016 - D12"]
[Site "Olecko"]
[Date "2016-05-07"]
[Round "9.9"]
[White "Krzyzosiak, Marta"]
[Black "Trzaskowska, Hanna"]
[Result "1-0"]
[WhiteTitle "II"]
[BlackTitle "I"]
[WhiteElo "1345"]
[BlackElo "1390"]

1. e4 e5 2. Nf3 Nc6 3. d4 exd4 4. Nxd4 Nf6 5. Nc3 Bb4 6. Bg5 h6 7. Nxc6 bxc6 8.
Bxf6 Qxf6 9. Qd3 Bxc3+ 10. bxc3 Ba6 11. Qd4 Qxd4 12. cxd4 Bxf1 13. Rxf1 Rb8 14.
Kd2 d5 15. Rab1 Kd7 16. e5 Rb6 17. Rb3 Ke6 18. Re1 g5 19. Ree3 g4 20. h3 h5 21.
Rec3 Kd7 22. hxg4 hxg4 23. Rg3 Rh4 24. Kd3 Ra6 25. a3 Ra4 26. c3 Rc4 27. Rb4 Rxb4
28. axb4 Ke6 29. Ke3 Kf5 30. f3 Kg5 31. Rxg4+ Rxg4 32. fxg4 Kxg4 33. Ke2 Kg3 34.
Kf1 a6 35. Kg1 c5 36. dxc5 c6 37. Kf1 Kf4 38. Kf2 Kxe5 39. Ke3 Kf5 40. Kf3 f6
41. g4+ Kg5 42. Kg3 f5 43. gxf5 Kxf5 44. Kf3 Ke5 45. Ke3 Kf5 46. Kf3 Ke5 47. Ke3
Kf5 48. Kd4 Kf4 49. c4 dxc4 50. Kxc4 Ke4 51. Kb3 Kd4 52. Ka4 Kc4 53. Ka5 Kc3 54.
Kxa6 Kxb4 55. Kb6 Ka4 56. Kxc6 Ka5 57. Kb7 1-0

[Event "OGOLNOPOLSKA OLIMPIADA MLODZIEZY<br/>MISTRZOSTWA POLSKI JUNIOROW 2016 - D12"]
[Site "Olecko"]
[Date "2016-05-07"]
[Round "9.10"]
[White "Matyjasek, Michalina"]
[Black "Mysliwiec, Natalia"]
[Result "0-1"]
[WhiteTitle "II"]
[BlackTitle "I"]
[WhiteElo "1263"]
[BlackElo "1374"]

1. d4 d5 2. c4 c6 3. Nf3 e6 4. Nc3 f5 5. Bf4 Nf6 6. e3 Nbd7 7. Be2 Bb4 8. O-O Bxc3
9. bxc3 Ne4 10. Qc2 g5 11. Be5 Rg8 12. Nd2 g4 13. f3 Nxd2 14. Qxd2 gxf3 15. Bxf3
Nxe5 16. dxe5 Qc7 17. cxd5 cxd5 18. Qd4 Bd7 19. Bh5+ Kd8 20. Qh4+ Kc8 21. Qf6
Qc5 22. Rfe1 Kc7 23. Rab1 b6 24. Bf3 Raf8 25. Qh4 f4 26. Kh1 fxe3 27. Qxh7 Rh8
28. Qd3 Qa3 29. Qe2 Kb8 30. Rb3 Qe7 31. Qxe3 Qh4 32. h3 Rfg8 33. Rg1 Rg3 34. Rd1
Qxh3+ 35. Kg1 Rxg2+ 36. Bxg2 Qxe3+ 37. Kf1 Rf8+ 38. Bf3 Qxf3+ 39. Kg1 Qf2+ 40.
Kh1 Rh8# 0-1

[Event "OGOLNOPOLSKA OLIMPIADA MLODZIEZY<br/>MISTRZOSTWA POLSKI JUNIOROW 2016 - D12"]
[Site "Olecko"]
[Date "2016-05-07"]
[Round "9.11"]
[White "Dadello, Barbara"]
[Black "Gebal, Katarzyna"]
[Result "1/2-1/2"]
[WhiteTitle "II+"]
[BlackTitle "II"]
[WhiteElo "1495"]
[BlackElo "1252"]

1. e4 e5 2. Nf3 Nc6 3. Bc4 Bc5 4. c3 Nf6 5. d3 d6 6. O-O h6 7. Nbd2 O-O 8. Bb3
Be6 9. h3 Re8 10. Re1 Ne7 11. d4 exd4 12. cxd4 Bb6 13. Nf1 Ng6 14. Ng3 c6 15.
Bc2 Ne7 16. Be3 d5 17. e5 Nd7 18. Nh4 Ba5 19. Bd2 Bxd2 20. Qxd2 Nb6 21. b3 Rc8
22. Rac1 Nd7 23. Nhf5 Nxf5 24. Nxf5 Bxf5 25. Bxf5 Rc7 26. Rc3 Qg5 27. Qxg5 hxg5
28. Rce3 Nf8 29. Kf1 Ne6 30. Bxe6 Rxe6 31. Ke2 Ree7 32. Kd2 Kf8 33. Rf3 c5 34.
dxc5 Rxc5 35. Rc3 Rxc3 36. Kxc3 Rd7 37. Kd4 Ke7 38. Rc1 f6 39. exf6+ gxf6 40.
Rc5 Ke6 1/2-1/2

[Event "OGOLNOPOLSKA OLIMPIADA MLODZIEZY<br/>MISTRZOSTWA POLSKI JUNIOROW 2016 - D12"]
[Site "Olecko"]
[Date "2016-05-07"]
[Round "9.12"]
[White "Nowak, Roksana"]
[Black "Wawrzyniak, Weronika"]
[Result "0-1"]
[WhiteTitle "II+"]
[BlackTitle "I"]
[WhiteElo "1290"]
[BlackElo "1358"]

1. e4 c5 2. Nc3 e6 3. f4 a6 4. a4 Nc6 5. Bc4 Nge7 6. Nf3 g6 7. O-O Bg7 8. d3 O-O
9. Kh1 d5 10. Bb3 b6 11. Qe1 Bb7 12. Bd2 Qd7 13. exd5 exd5 14. Ne5 Nxe5 15. fxe5
Nf5 16. Bf4 Rfe8 17. Kg1 f6 18. Qf2 fxe5 19. Bg3 Kh8 20. Kh1 Rad8 21. Bh4 Rc8
22. Bg3 Rf8 23. Rae1 Rce8 24. Qe2 Nd4 25. Qd2 Nxb3 26. cxb3 Rxf1+ 27. Rxf1 d4
28. Ne4 Bxe4 29. dxe4 Kg8 30. Qc1 Qc6 31. Qc4+ Qe6 32. Qd3 Rb8 33. Rc1 Bh6 34.
Rf1 b5 35. axb5 axb5 36. h3 c4 37. bxc4 bxc4 38. Qc2 Rc8 39. Rf3 Bf8 40. Bh4 Bg7
41. Bg3 Qc6 42. Qb1 Qb5 43. Qc1 Qb4 44. Rb3 Qxb3 45. Qa1 Qxg3 46. Qa6 Rf8 47.
Qxc4+ Kh8 48. b3 d3 49. Qc1 Qf2 50. b4 Qf1+ 51. Qxf1 Rxf1+ 52. Kh2 d2 53. b5 d1=Q
54. b6 Bh6 55. b7 Bf4+ 56. g3 Qe2# 0-1

[Event "OGOLNOPOLSKA OLIMPIADA MLODZIEZY<br/>MISTRZOSTWA POLSKI JUNIOROW 2016 - D12"]
[Site "Olecko"]
[Date "2016-05-07"]
[Round "9.13"]
[White "Mirowska, Oliwia"]
[Black "Kroliczek, Gabriela"]
[Result "1/2-1/2"]
[WhiteTitle "I+"]
[BlackTitle "I"]
[WhiteElo "1244"]
[BlackElo "1357"]

1. e4 e5 2. Nf3 Nc6 3. Bb5 a6 4. Ba4 Nf6 5. O-O Be7 6. Re1 b5 7. Bb3 O-O 8. d4
d6 9. c3 Bg4 10. Be3 Qe8 11. Bc2 h6 12. Nbd2 Nh7 13. h3 Bh5 14. Qb1 Qd8 15. Bd1
Bg6 16. Bc2 Ng5 17. Nxg5 Bxg5 18. Bxg5 Qxg5 19. Nf3 Qe7 20. Qc1 Rad8 21. Qe3 Kh8
22. Kh1 f5 23. exf5 Bxf5 24. Bxf5 Rxf5 25. Qe4 Qd7 26. Kg1 d5 27. Qg4 e4 28. Nh4
Rf6 29. Qxd7 Rxd7 30. g3 Rdf7 31. Re2 Nd8 32. Rf1 Ne6 33. Ng2 c6 34. b4 g6 35.
a3 Ng7 36. Nf4 g5 37. Ng2 Ne8 38. Ne3 h5 39. Kg2 Rf3 40. Rc2 Nd6 41. Re1 1/2-1/2

[Event "OGOLNOPOLSKA OLIMPIADA MLODZIEZY<br/>MISTRZOSTWA POLSKI JUNIOROW 2016 - D12"]
[Site "Olecko"]
[Date "2016-05-07"]
[Round "9.14"]
[White "Wojtas, Julia"]
[Black "Libura, Julianna"]
[Result "1/2-1/2"]
[WhiteTitle "I"]
[BlackTitle "I"]
[WhiteElo "1274"]
[BlackElo "1266"]

1. e4 c5 2. Nf3 a6 3. c3 Nf6 4. e5 Nd5 5. d4 cxd4 6. cxd4 e6 7. a3 Nc6 8. Be2 d6
9. exd6 Bxd6 10. O-O O-O 11. Nc3 Nce7 12. Bg5 Qa5 13. Rc1 Nxc3 14. Rxc3 Nd5 15.
Rc1 b5 16. Qd2 Qxd2 17. Nxd2 f5 18. Nb3 Bb7 19. Bf3 Rac8 20. Nc5 Bxc5 21. dxc5
Bc6 22. Rfe1 Rfe8 23. b4 Kf7 24. Bh4 h6 25. Bg3 g6 26. Bd6 Kf6 27. Rc2 Kf7 28.
g4 Kf6 29. Rd1 Kf7 30. gxf5 Nxb4 31. fxg6+ Kxg6 32. axb4 Bxf3 33. Rd3 Be4 34.
Rg3+ Kh7 35. Ra2 Ra8 36. Be5 Rg8 37. Rd2 Bd5 38. f4 Raf8 39. c6 Rxg3+ 40. hxg3
Kg6 41. c7 Rc8 42. g4 Kf7 43. f5 Rg8 44. Kf2 Rc8 45. Ke3 Ke7 46. f6+ Kf7 47. Rh2
Kg6 48. f7 Bb7 49. Rf2 Rf8 50. Kd4 Rxf7 51. Rxf7 Kxf7 52. Bf4 Bc8 53. Kc5 e5 54.
Bxe5 Bxg4 55. Kb6 Bc8 56. Ka7 Ke6 57. Kb8 Bd7 58. Bh2 Kd5 59. Bg3 Kc4 60. Be1
h5 61. Kb7 h4 62. Bxh4 1/2-1/2

[Event "OGOLNOPOLSKA OLIMPIADA MLODZIEZY<br/>MISTRZOSTWA POLSKI JUNIOROW 2016 - D12"]
[Site "Olecko"]
[Date "2016-05-07"]
[Round "9.15"]
[White "Krzyzosiak, Anna"]
[Black "Majczyna, Patrycja"]
[Result "0-1"]
[WhiteTitle "I"]
[BlackTitle "II+"]
[WhiteElo "1263"]
[BlackElo "1205"]

1. e4 e5 2. Nf3 Nc6 3. d4 exd4 4. Nxd4 Nf6 5. Nxc6 bxc6 6. e5 Nd5 7. c4 Bb4+ 8.
Bd2 Bxd2+ 9. Qxd2 Nb6 10. Nc3 Bb7 11. c5 Nd5 12. Bc4 Qe7 13. Qd4 d6 14. cxd6 cxd6
15. O-O dxe5 16. Rfe1 exd4 17. Nxd5 cxd5 18. Bb5+ Kf8 19. Rxe7 Kxe7 20. Rd1 Rac8
21. h3 a6 22. Ba4 Bc6 23. Rxd4 Bxa4 24. Rxa4 Rc6 25. Rd4 Kd6 26. Rf4 f6 27. Rg4
g5 28. Kf1 Re8 29. Ra4 Rc1# 0-1

[Event "OGOLNOPOLSKA OLIMPIADA MLODZIEZY<br/>MISTRZOSTWA POLSKI JUNIOROW 2016 - D12"]
[Site "Olecko"]
[Date "2016-05-07"]
[Round "9.16"]
[White "Jedrzejko, Martyna"]
[Black "Pawlak, Emilia"]
[Result "1/2-1/2"]
[WhiteTitle "II+"]
[BlackTitle "II"]
[WhiteElo "1257"]
[BlackElo "1196"]

1. e4 c5 2. Nf3 d6 3. c3 Nc6 4. Be2 Nf6 5. d3 e6 6. Nbd2 Be7 7. O-O O-O 8. d4 b6
9. Re1 Qc7 10. Qc2 Bd8 11. Nf1 Ne7 12. Ng3 Ng6 13. Rd1 Bb7 14. Bg5 a6 15. c4 Be7
16. d5 h6 17. Bc1 Nd7 18. b3 Nde5 19. Nxe5 Nxe5 20. Bb2 Nd7 21. Nh5 e5 22. Qd2
Nf6 23. Nxf6+ Bxf6 24. f4 Qe7 25. f5 Bg5 26. Qd3 Bf6 27. a3 a5 28. a4 Kh7 29.
Rf1 Bc8 30. Rad1 Bd7 31. Kh1 Bg5 32. g3 Bf6 33. Bc1 Bg5 34. Bb2 Bf6 35. Bc1 Bg5
36. Bb2 Bf6 37. Bc1 Bg5 38. Bb2 1/2-1/2

[Event "OGOLNOPOLSKA OLIMPIADA MLODZIEZY<br/>MISTRZOSTWA POLSKI JUNIOROW 2016 - D12"]
[Site "Olecko"]
[Date "2016-05-07"]
[Round "9.17"]
[White "Szewczyk, Malwina"]
[Black "Anyz, Monika"]
[Result "1-0"]
[WhiteTitle "II"]
[BlackTitle "I"]
[WhiteElo "1253"]
[BlackElo "1255"]

1. d4 d5 2. Nf3 Nf6 3. e3 e6 4. Bd3 Be7 5. Nbd2 O-O 6. O-O Nbd7 7. e4 dxe4 8. Nxe4
Nxe4 9. Bxe4 Nf6 10. Bd3 b6 11. Re1 Bb7 12. c3 c5 13. Bg5 cxd4 14. Nxd4 h6 15.
Bf4 Qd5 16. Nf3 Rfd8 17. Bc2 Qc4 18. Nd4 Qd5 19. f3 Bc5 20. Be5 Bxd4+ 21. Bxd4
Qg5 22. Re5 Qf4 23. Qe2 Rac8 24. Bd3 Nd7 25. Rh5 Nf6 26. Be5 Nxh5 27. Bxf4 Nxf4
28. Qc2 Nxd3 29. Rd1 Nc5 30. b4 Rxd1+ 31. Qxd1 Na6 32. Qd7 Rc7 33. Qd8+ Kh7 34.
b5 Rc8 35. Qd3+ Kg8 36. bxa6 Bd5 37. Qb5 Kf8 38. Qd7 Re8 39. Qxa7 Kg8 40. Qxb6
Rc8 41. a7 Kh7 42. Qb1+ g6 43. Qb8 Rxc3 44. a8=Q Rc1+ 45. Kf2 Rc2+ 46. Kg3 Bxa8
47. Qxa8 h5 48. h4 Rc3 49. a4 Kg7 50. a5 Kf6 51. Qh8+ 1-0

[Event "OGOLNOPOLSKA OLIMPIADA MLODZIEZY<br/>MISTRZOSTWA POLSKI JUNIOROW 2016 - D12"]
[Site "Olecko"]
[Date "2016-05-07"]
[Round "9.18"]
[White "Matusik, Zuzanna"]
[Black "Chojnowska, Karolina"]
[Result "0-1"]
[WhiteTitle "II"]
[BlackTitle "II"]
[WhiteElo "1060"]
[BlackElo "1146"]

1. e4 e6 2. Nf3 d5 3. Nc3 c5 4. d3 Nc6 5. Bf4 a6 6. Be2 Bd6 7. Bd2 Nge7 8. O-O
O-O 9. Re1 d4 10. Na4 b5 11. e5 bxa4 12. exd6 Qxd6 13. Ng5 Nf5 14. Bf3 Bd7 15.
Ne4 Qe7 16. Rb1 Rab8 17. Ng3 Nxg3 18. fxg3 Rb6 19. Bf4 e5 20. Bxc6 Rxc6 21. Bxe5
Re6 22. Bf4 Re8 23. Rxe6 Qxe6 24. Qf3 Bc6 25. Qf2 Qxa2 26. Qf1 Qd5 27. Ra1 h6
28. Bd2 Rb8 29. b3 axb3 30. cxb3 Rxb3 31. Be1 Rxd3 32. Qf2 Bb5 33. Qc2 c4 34.
Bf2 Rb3 35. Qd2 d3 36. Qf4 d2 37. Be3 d1=Q+ 38. Rxd1 Qxd1+ 39. Qf1 Qxf1+ 40. Kxf1
Rxe3 41. Kf2 Re7 42. h4 c3 43. g4 c2 44. g5 hxg5 45. hxg5 c1=Q 46. g6 Qf1+ 47.
Kg3 Re3+ 48. Kg4 Qxg2+ 49. Kf4 Qf2+ 50. Kg4 Rg3+ 51. Kh4 Qh2# 0-1

[Event "OGOLNOPOLSKA OLIMPIADA MLODZIEZY<br/>MISTRZOSTWA POLSKI JUNIOROW 2016 - D12"]
[Site "Olecko"]
[Date "2016-05-07"]
[Round "9.19"]
[White "Tomaszek, Katarzyna"]
[Black "Lewandowska, Weronika"]
[Result "1/2-1/2"]
[WhiteTitle "II"]
[BlackTitle "I"]
[WhiteElo "1134"]
[BlackElo "1110"]

1. e4 e6 2. d3 d5 3. Nd2 Nf6 4. Ngf3 dxe4 5. dxe4 Bc5 6. Be2 Nc6 7. O-O O-O 8.
c3 a5 9. a4 b6 10. Qc2 Ba6 11. Bxa6 Rxa6 12. Nc4 h6 13. Bf4 Ra8 14. Rfd1 Qe7 15.
Rd2 Rfd8 16. Rad1 Rxd2 17. Rxd2 Rd8 18. Rxd8+ Qxd8 19. Qd2 Nxe4 20. Qxd8+ Nxd8
21. Bxc7 Bxf2+ 22. Kf1 Nc6 23. Bxb6 Bxb6 24. Nxb6 Kf8 25. Ke2 Nc5 26. Ke3 Ke7
27. Nd4 Ne5 28. b3 Ng4+ 29. Kf3 Nxh2+ 30. Ke2 Kd8 31. Nc4 Nb7 32. Nc6+ Kc7 33.
N4xa5 Nc5 34. b4 Nxa4 35. c4 Ng4 36. Nd4 Ne5 37. c5 Nd7 38. Nb5+ Kc8 39. c6 Ndb6
40. Kd3 Nd5 41. Kc4 Ndb6+ 42. Kb3 f5 43. Nb7 e5 44. N7d6+ Kd8 45. Nxf5 e4 46.
Nc3 Nxc3 47. Kxc3 Nd5+ 48. Kd4 Nxb4 49. Kxe4 Nxc6 50. Nxg7 Ne7 51. Nf5 Ng8 52.
Kf4 Ke8 53. Kg4 Kf7 54. Kh5 Kf8 55. g4 Nf6+ 56. Nxh6 Nxg4 57. Nxg4 1/2-1/2

[Event "OGOLNOPOLSKA OLIMPIADA MLODZIEZY<br/>MISTRZOSTWA POLSKI JUNIOROW 2016 - D12"]
[Site "Olecko"]
[Date "2016-05-07"]
[Round "9.20"]
[White "Sloniewska, Alicja"]
[Black "Czerwinska, Oliwia"]
[Result "1-0"]
[WhiteTitle "II"]
[BlackTitle "II"]
[WhiteElo "1097"]
[BlackElo "1203"]

1. d4 d5 2. c4 c6 3. Nc3 Nf6 4. cxd5 cxd5 5. f3 Nc6 6. Bg5 e6 7. e3 h6 8. Bxf6
Qxf6 9. Nb5 Bb4+ 10. Nc3 O-O 11. Bd3 a6 12. Nge2 b5 13. O-O Bb7 14. a3 Ba5 15.
b4 Bc7 16. Rc1 Rac8 17. Bb1 Ne7 18. Qd3 Qg6 19. Qxg6 Nxg6 20. Rc2 Bd6 21. Rfc1
Rfd8 22. Nd1 Ne7 23. Nb2 Rxc2 24. Rxc2 Rc8 25. Nd3 Rxc2 26. Bxc2 Bc8 27. Nc5 Bxc5
28. bxc5 Kf8 29. Kf1 Ke8 30. Ke1 Kd7 31. Kd2 Bb7 32. Kc3 Nc6 33. a4 b4+ 34. Kb3
a5 35. Bd3 Nb8 36. Bb5+ Bc6 37. g3 g5 38. Nc1 Kc7 39. Nd3 f6 40. Nf2 h5 41. g4
h4 42. Nh3 Nd7 43. f4 gxf4 44. Nxf4 Nf8 45. Nh5 Nh7 46. h3 Bd7 47. Nf4 Ng5 48.
Ng6 Nxh3 49. Nxh4 Ng5 50. Ng6 Kd8 51. Nf4 Ne4 52. Nh5 Be8 53. Kc2 Bxb5 54. axb5
a4 55. Kb2 a3+ 56. Kb3 Nd2+ 57. Ka2 Ne4 58. Kb3 Nd2+ 59. Ka2 Ne4 60. b6 Kd7 61.
Ng7 Nc3+ 62. Kb3 Ne4 63. Nxe6 Kc8 64. c6 Nd2+ 65. Ka2 Nc4 66. b7+ Kb8 67. Nc5
b3+ 68. Kxb3 Na5+ 69. Kxa3 Nxc6 70. Nd7+ Kxb7 71. Nxf6 Ne7 72. Kb4 Kc6 73. Kc3
Kd6 74. Kd3 Ke6 75. Nxd5 Nxd5 76. e4 Nf4+ 77. Ke3 Ng2+ 78. Kf2 Nh4 79. Kg3 Ng6
80. g5 Kd6 81. Kg4 Ke6 82. Kh5 Kf7 83. Kh6 Nf8 84. d5 Nd7 85. g6+ Kg8 86. g7 Nf6
87. d6 Ng4+ 88. Kg5 Ne5 89. Kf5 Nd7 90. e5 Kxg7 91. e6 Nf8 92. d7 Nxd7 93. exd7
Kf7 94. d8=Q Kg7 95. Qe7+ Kh6 96. Qg5+ Kh7 97. Kf6 Kh8 98. Qg7# 1-0

[Event "OGOLNOPOLSKA OLIMPIADA MLODZIEZY<br/>MISTRZOSTWA POLSKI JUNIOROW 2016 - D12"]
[Site "Olecko"]
[Date "2016-05-07"]
[Round "9.21"]
[White "Jacek, Nikola"]
[Black "Szyszko, Aleksandra"]
[Result "1-0"]
[WhiteTitle "I"]
[BlackTitle "II"]
[WhiteElo "1233"]
[BlackElo "1254"]

1. e4 e5 2. Nf3 Nc6 3. Nc3 Nf6 4. d4 exd4 5. Nxd4 d6 6. Nxc6 bxc6 7. Bd3 Be6 8.
O-O Be7 9. f4 O-O 10. Qf3 Qd7 11. f5 Rfe8 12. fxe6 Qxe6 13. Qf5 Rab8 14. Qxe6
fxe6 15. b3 e5 16. Bg5 Red8 17. Bxf6 Bxf6 18. Rae1 d5 19. exd5 cxd5 20. Bf5 c6
21. Ne2 Rb5 22. Ng3 e4 23. Nh5 Be7 24. Nf4 Ra5 25. a4 Rf8 26. Ne6 Rf6 27. Ng5
Rh6 28. Be6+ Rxe6 29. Nxe6 Bc5+ 30. Nxc5 Rxc5 31. Rf2 h6 32. Ree2 a5 33. Rf4 Rc3
34. Ref2 Re3 35. Rf8+ Kh7 36. Rc8 Rc3 37. Ra8 Rc5 38. Ra6 e3 39. Re2 d4 40. Kf1
Rf5+ 41. Ke1 Rc5 42. Kd1 h5 43. Re1 h4 44. Rf1 g6 45. Rf6 Rd5 46. Raxc6 d3 47.
cxd3 Rxd3+ 48. Ke2 Rd2+ 49. Kxe3 Rxg2 50. Rc7+ Kh6 51. Rf2 Rg4 52. Rb7 Rg5 53.
Rb5 1-0